000 00695nam a2200289Ia 4500
005 20260324124150.0
008 008 260324s9999 xx 000 0 eng d
020 _a9781315430775
037 _aEBOOK
040 _aCRL
040 _beng
040 _cCRL
041 _2eng
041 _aeng
084 _qCRL
100 _aNorman K Denzin
_91159352
245 0 _aCuster on Canvas
245 0 _bRepresenting Indians, Memory, and Violence in the New West
260 _bTaylor and Francis
260 _c2011
365 _a
365 _b240
856 _uhttp://www.taylorfrancis.com/books/9781315430775
942 _cEBOOK
999 _c1767260
_d1767260